A golpe de calcetín / (Record no. 151371)
[ view plain ]
| 000 -CABECERA | |
|---|---|
| campo de control de longitud fija | 00656nam a2200205 a 4500 |
| 005 - FECHA Y HORA DE LA ÚLTIMA TRANSACCIÓN | |
| campo de control | 20230623063602.0 |
| 008 - ELEMENTOS DE LONGITUD FIJA--INFORMACIÓN GENERAL | |
| campo de control de longitud fija | 110204m20002007mx r 000 0 spa d |
| 020 ## - NÚMERO INTERNACIONAL NORMALIZADO PARA LIBROS | |
| Número Internacional Estándar del Libro | 9789681661328 |
| 035 ## - NÚMERO DE CONTROL DEL SISTEMA | |
| Número de control de sistema | UPN01000179268 |
| 049 ## - COLECCIÓN | |
| Colección | I |
| 050 #4 - SIGNATURA TOPOGRÁFICA DE LA BIBLIOTECA DEL CONGRESO | |
| Número de clasificación | PZ8.2 |
| Número de documento/Ítem | H5.3a 2000 |
| 100 1# - ASIENTO PRINCIPAL--NOMBRE PERSONAL | |
| Nombre de persona | Hinojosa, Francisco, |
| Fechas asociadas al nombre | 1954- |
| 9 (RLIN) | 28902 |
| 245 10 - MENCIÓN DE TÍTULO | |
| Título | A golpe de calcetín / |
| Mención de responsabilidad, etc. | Francisco Hinojosa ; il de Rafael Barajas El Fisgón. |
| 250 ## - MENCIÓN DE EDICIÓN | |
| Mención de edición | 3a ed. correg. |
| 260 ## - PUBLICACIÓN, DISTRIBUCIÓN, ETC. | |
| Lugar de publicación, distribución, etc. | México : |
| Nombre del editor, distribuidor, etc. | FCE, |
| Fecha de publicación, distribución, etc. | 2000 (2007 impr.). |
| 300 ## - DESCRIPCIÓN FÍSICA | |
| Extensión | 46 p. : |
| Otras características físicas | il. |
| 440 #0 - MENCIÓN DE SERIE/ASIENTO SECUNDARIO--TÍTULO | |
| Título | A la orilla del viento. |
| Nombre de parte o sección de la obra | Para los que leen bien ; |
| Designación de volumen o secuencia | 130 |
| 650 #4 - ASIENTO SECUNDARIO DE MATERIA - TERMINO TEMATICO | |
| Término de materia o nombre geográfico como elemento de entrada | Cuentos infantiles mexicanos |
| 9 (RLIN) | 7723 |
| 905 ## - TIPO DE MATERIAL | |
| Tipo de material | Infantil |
No items available.
